Normal view
MARC view
Entry AUTORIDADES PERSONAS
001 - NÚMERO DE CONTROL
- campo de control: 518
003 - CONTROL
- campo de control: AR-BaSMT
005 - FECHA Y HORA DE LA ÚLTIMA TRANSACCIÓN
- campo de control: 20260512153734.0
008 - ELEMENTOS LONGITUD FÍSICA
- campo de control de longitud fija: 260512|| aca||aabn | a|a d
024 7# - OTROS INDICADORES NORMALIZADOS
- Fuente: VIAF
- Número estándar o código: http://viaf.org/viaf/3165446296726830081
040 ## - FUENTE DE CATALOGACIÓN
- Agencia que cataloga: AR-BaSMT
- Idioma de catalogación: spa
- Norma: RDA
100 1# - ENCABEZAMIENTO-NOMBRE DE PERSONA
- Nombre de persona: Dadón, José R.,
- Numeración: 1956-
370 ## - LUGAR ASOCIADO
- País de nacimiento : Argentina
372 ## - CAMPO DE ACTIVIDAD
- Fuente (LEMB) : LEMB
- Campo en el que la persona se ha dedicado : Urbanismo
- Campo en el que la persona se ha dedicado : Oceanografía
- Campo en el que la persona se ha dedicado : Geografía
- Campo en el que la persona se ha dedicado : Ecología
- Campo en el que la persona se ha dedicado : Biología
374 ## - OCUPACIÓN
- Fuente Ej: LEMB : LEMB
- Ocupación: Profesor
- Ocupación: Investigador
- Ocupación: Ecologo
- Ocupación: Biólogo
375 ## - GÉNERO/SEXO
- Masculino, femenino, desconocido, intersexo, … : Hombre
377 ## - IDIOMA ASOCIADO
- Código (spa) : spa
- Lengua (español) : español
400 1# - TRAZADO DE VÉASE--NOMBRE DE PERSONA
- Nombre de persona: Dadón, José Roberto
- Fecha asociada al nombre : 1956-
400 0# - TRAZADO DE VÉASE--NOMBRE DE PERSONA
- Nombre de persona: José Roberto Dadón
- Fecha asociada al nombre : 1956-
670 ## - FUENTE DE DATOS ENCONTRADOS
- Cita de la fuente: Ecología y salud, 2021
- Donde se localiza la información: Portada
